Music Quiz

Random Music or Singers Quiz
Score 0/20 Timer 10:00
10 Plays Today
% Correct
The Sex Pistols
77.3%
The Who
76.6%
Queen
72.7%
Gorillaz
71.5%
The Rolling Stones
70.5%
Rage Against the Machine
41.9%
The Cure
38.3%
No Doubt
36.1%
Bon Jovi
35.2%
The Doors
34.8%
% Correct
Radiohead
33.8%
Led Zeppelin
33.5%
The Smiths
31.6%
R.E.M.
31%
Talking Heads
27.2%
The Killers
21.5%
Maroon 5
19%
Muse
18.6%
Blondie
18.3%
Nickelback
16.5%
Remove Ads.
Support Sporcle.
Get the best of Sporcle when you Go Orange. This ad-free experience offers more features, more stats, and more fun while also helping to support Sporcle. Thank you for becoming a member.

You're not logged in!

Compare scores with friends on all Sporcle quizzes.
OR
Log In

Show Comments

Extras

Top Quizzes Today


Score Distribution

Your Account Isn't Verified!

In order to create a playlist on Sporcle, you need to verify the email address you used during registration. Go to your Sporcle Settings to finish the process.

Report this User

Report this user for behavior that violates our Community Guidelines.

Details: